[Event "Petrosian Memorial - Tashir 2014"]
[Site "Moscú RUS"]
[Date "2014.11.04"]
[Round "1.1"]
[White "Ding, Liren"]
[Black "Kramnik, Vladimir"]
[Result "1/2-1/2"]
[WhiteElo "2730"]
[BlackElo "2760"]
[PlyCount "81"]
[EventDate "2014.11.04"]
[EventType "tourn"]
[EventRounds "7"]
[EventCountry "RUS"]
[Source "lmi"]
[SourceDate "2014.11.04"]

1. d4 Nf6 2. c4 e6 3. Nc3 d5 4. cxd5 exd5 5. Bg5 c6 6. e3 Bf5 7. Qf3 Bg6 8.
Bxf6 Qxf6 9. Qxf6 gxf6 10. Nf3 Nd7 11. Nh4 Be7 12. g3 Nb6 13. O-O-O Nc8 14. Bd3
Nd6 15. Kc2 Kd7 16. f3 Bxd3+ 17. Kxd3 f5 18. Ng2 h5 19. h4 Rag8 20. Rh3 Ne8 21.
Ke2 Bd6 22. Kf2 Nf6 23. Ne2 a5 24. b3 Re8 25. Rhh1 Re7 26. Nef4 Rg8 27. Rd2
Ree8 28. Rc2 Kc7 29. a4 Kd7 30. Rh3 Rg7 31. Nd3 Kc7 32. Ngf4 Reg8 33. Rc1 Kb8
34. Rg1 Kc7 35. Rh2 Rb8 36. Rc1 Rbg8 37. Rg2 Kb8 38. Rcg1 Kc7 39. Rb1 Re8 40.
Rgg1 Reg8 41. Rbc1 1/2-1/2

[Event "Petrosian Memorial - Tashir 2014"]
[Site "Moscú RUS"]
[Date "2014.11.04"]
[Round "1.2"]
[White "Leko, Peter"]
[Black "Morozevich, Alexander"]
[Result "1/2-1/2"]
[WhiteElo "2731"]
[BlackElo "2724"]
[PlyCount "77"]
[EventDate "2014.11.04"]
[EventType "tourn"]
[EventRounds "7"]
[EventCountry "RUS"]
[Source "lmi"]
[SourceDate "2014.11.04"]

1. e4 c5 2. Nf3 a6 3. c3 d5 4. exd5 Qxd5 5. d4 Nf6 6. Be2 e6 7. O-O cxd4 8.
cxd4 Nc6 9. Nc3 Qd6 10. Be3 Be7 11. Nd2 Nd5 12. Nde4 Qd8 13. Nxd5 exd5 14. Nc5
O-O 15. Rc1 f5 16. Nd3 Bd6 17. f4 Qb6 18. Kh1 Be6 19. Qd2 Rfe8 20. Ne5 Rac8 21.
a3 a5 22. Bd1 Nxe5 23. dxe5 Bc5 24. Rxc5 Rxc5 25. Bxc5 Qxc5 26. Bf3 Rc8 27. Rd1
Kf8 28. h3 b6 29. Kh2 h6 30. Kg3 Qb5 31. Kh2 Qc5 32. h4 Rc7 33. h5 Rc8 34. Kg3
Qb5 35. Kh2 Qc4 36. Qe3 Qb5 37. Qd2 Qc4 38. Qe3 Qb5 39. Qd2 1/2-1/2

[Event "Petrosian Memorial - Tashir 2014"]
[Site "Moscú RUS"]
[Date "2014.11.04"]
[Round "1.3"]
[White "Aronian, Levon"]
[Black "Gelfand, Boris"]
[Result "1/2-1/2"]
[WhiteElo "2797"]
[BlackElo "2759"]
[PlyCount "96"]
[EventDate "2014.11.04"]
[EventType "tourn"]
[EventRounds "7"]
[EventCountry "RUS"]
[Source "lmi"]
[SourceDate "2014.11.04"]

1. Nf3 c5 2. c4 Nc6 3. Nc3 Nf6 4. e3 e6 5. d4 d5 6. cxd5 exd5 7. Bb5 cxd4 8.
Nxd4 Bd7 9. O-O Bd6 10. b3 O-O 11. Bb2 Re8 12. Nce2 Be5 13. Nxc6 bxc6 14. Bxe5
Rxe5 15. Ba4 c5 16. Bxd7 Qxd7 17. Rc1 Rc8 18. Qd2 Ree8 19. Rfd1 Qb7 20. Nc3 c4
21. bxc4 dxc4 22. Rb1 Qe7 23. Qd6 Qxd6 24. Rxd6 Ne4 25. Nxe4 Rxe4 26. Rc6 Ree8
27. Rxc8 Rxc8 28. Kf1 g6 29. Ke2 Rc5 30. Rb2 Ra5 31. Kf3 Ra4 32. Rc2 c3 33. Ke2
h5 34. Kd3 Ra3 35. Kc4 a5 36. g3 Kg7 37. f4 Kf6 38. Kd5 Ra4 39. e4 Ke7 40. Ke5
Ra3 41. h4 f6+ 42. Kd5 Kf7 43. e5 Ke7 44. e6 Ra4 45. Rxc3 Rxa2 46. Rc7+ Ke8 47.
Rf7 Rd2+ 48. Kc5 f5 1/2-1/2

[Event "Petrosian Memorial - Tashir 2014"]
[Site "Moscú RUS"]
[Date "2014.11.04"]
[Round "1.4"]
[White "Grischuk, Alexander"]
[Black "Inarkiev, Ernesto"]
[Result "1-0"]
[WhiteElo "2795"]
[BlackElo "2688"]
[PlyCount "91"]
[EventDate "2014.11.04"]
[EventType "tourn"]
[EventRounds "7"]
[EventCountry "RUS"]
[Source "lmi"]
[SourceDate "2014.11.04"]

1. Nf3 Nf6 2. c4 e6 3. g3 d5 4. Bg2 dxc4 5. O-O Be7 6. Na3 c5 7. Nxc4 Nc6 8. b3
O-O 9. Bb2 Bd7 10. d4 Rc8 11. dxc5 Bxc5 12. Nd6 Rc7 13. Rc1 b6 14. Ng5 Qe7 15.
Nge4 Nxe4 16. Nxe4 Rd8 17. Nxc5 bxc5 18. Qe1 Rcc8 19. Qc3 Nd4 20. Rfe1 f6 21.
e3 Nb5 22. Qa5 Be8 23. Red1 Qc7 24. Qxc7 Rxd1+ 25. Rxd1 Nxc7 26. Rc1 Rd8 27.
Bc3 Nd5 28. Ba5 Nb6 29. Bf1 Bg6 30. f3 Rc8 31. Ba6 Rc6 32. Bb5 Rc8 33. b4 c4
34. Bxb6 axb6 35. Rxc4 Rd8 36. Rd4 Rc8 37. a4 Rc3 38. Rd6 Rxe3 39. Kf2 Rb3 40.
Rxb6 Rb2+ 41. Ke3 Rb3+ 42. Kd4 e5+ 43. Kc5 Rxf3 44. Bc4+ Kf8 45. Kd6 Be8 46.
Rb8 1-0

[Event "Petrosian Memorial - Tashir 2014"]
[Site "Moscú RUS"]
[Date "2014.11.05"]
[Round "2.1"]
[White "Kramnik, Vladimir"]
[Black "Inarkiev, Ernesto"]
[Result "1-0"]
[WhiteElo "2760"]
[BlackElo "2688"]
[PlyCount "79"]
[EventDate "2014.11.04"]
[EventType "tourn"]
[EventRounds "7"]
[EventCountry "RUS"]
[EventCategory "20"]
[Source "lmi"]
[SourceDate "2014.11.04"]

1. d4 Nf6 2. c4 e6 3. Nf3 d5 4. Nc3 Be7 5. Qc2 O-O 6. Bg5 c5 7. dxc5 dxc4 8. e4
Nfd7 9. Bf4 b5 10. cxb6 Nxb6 11. Rd1 Qe8 12. Be2 Na6 13. Ne5 Nb4 14. Qc1 Ba6
15. a3 Nc6 16. b4 Bf6 17. Nf3 Bxc3+ 18. Qxc3 Qc8 19. O-O Bb5 20. Bd6 Rd8 21. e5
h6 22. Nd4 a6 23. Bf3 Nxd4 24. Rxd4 Bc6 25. Be2 Bb5 26. Rg4 Kh8 27. Qg3 Rg8 28.
Rh4 Qd8 29. Qf4 Re8 30. Rxh6+ gxh6 31. Qxh6+ Kg8 32. f4 Bc6 33. Bf3 Qc8 34. f5
exf5 35. Qg5+ Kh8 36. Bxc6 Re6 37. Rxf5 Ra7 38. Qh4+ Kg7 39. Rh5 Qg8 40. Be4
1-0

[Event "Petrosian Memorial - Tashir 2014"]
[Site "Moscú RUS"]
[Date "2014.11.05"]
[Round "2.2"]
[White "Gelfand, Boris"]
[Black "Grischuk, Alexander"]
[Result "0-1"]
[WhiteElo "2759"]
[BlackElo "2795"]
[PlyCount "132"]
[EventDate "2014.11.04"]
[EventType "tourn"]
[EventRounds "7"]
[EventCountry "RUS"]
[EventCategory "20"]
[Source "lmi"]
[SourceDate "2014.11.04"]

1. d4 Nf6 2. c4 g6 3. Nc3 d5 4. Bf4 Bg7 5. e3 O-O 6. Rc1 Be6 7. c5 c6 8. Bd3
Bc8 9. h3 Nfd7 10. Nf3 e5 11. dxe5 Nxc5 12. Bb1 Nbd7 13. b4 Ne6 14. O-O Nxf4
15. exf4 Nb6 16. Qd4 f6 17. b5 Nc4 18. bxc6 bxc6 19. Bd3 fxe5 20. Nxe5 Bxe5 21.
fxe5 Nd2 22. Rfd1 Qg5 23. Qe3 Nf3+ 24. Kh1 Qxe3 25. fxe3 Nxe5 26. e4 d4 27. Na4
Rb8 28. Bc4+ Kg7 29. Rxd4 Rb4 30. Nc5 Rf2 31. a3 Rbb2 32. Na4 Bxh3 33. Nxb2
Bxg2+ 34. Kh2 Rxb2 35. Kg3 g5 36. Rcd1 h5 37. R4d2 Rxd2 38. Rxd2 Bxe4 39. Re2
h4+ 40. Kf2 Ng4+ 41. Kg1 Nf6 42. Be6 Kg6 43. Re1 Bf3 44. Re5 g4 45. Bf5+ Kh6
46. Bd3 Bd5 47. Bf1 g3 48. Bh3 Ne4 49. Be6 Nf2 50. Bxd5 cxd5 51. Kg2 d4 52. Rd5
d3 53. a4 a5 54. Kf3 Kg6 55. Rd8 Kf7 56. Rd4 Kf8 57. Rd5 Ke8 58. Rd4 Ke7 59.
Rd5 Kf6 60. Rd6+ Kf5 61. Rd4 Ke6 62. Rd8 Ke5 63. Rd7 h3 64. Kxg3 Ne4+ 65. Kf3
h2 66. Kg2 d2 0-1

[Event "Petrosian Memorial - Tashir 2014"]
[Site "Moscú RUS"]
[Date "2014.11.05"]
[Round "2.3"]
[White "Morozevich, Alexander"]
[Black "Aronian, Levon"]
[Result "1/2-1/2"]
[WhiteElo "2724"]
[BlackElo "2797"]
[PlyCount "110"]
[EventDate "2014.11.04"]
[EventType "tourn"]
[EventRounds "7"]
[EventCountry "RUS"]
[EventCategory "20"]
[Source "lmi"]
[SourceDate "2014.11.04"]

1. d4 Nf6 2. c4 e6 3. Nc3 Bb4 4. Qc2 O-O 5. a3 Bxc3+ 6. Qxc3 d5 7. Bg5 dxc4 8.
Qxc4 b6 9. Rd1 Ba6 10. Qa4 h6 11. Bh4 Qe7 12. Nf3 Rd8 13. Bxf6 Qxf6 14. g3 c6
15. Bg2 Bb5 16. Qc2 Nd7 17. O-O Qf5 18. Rd2 Qxc2 19. Rxc2 Ba4 20. Rc3 Nf6 21.
Rfc1 c5 22. b3 Be8 23. dxc5 Ne4 24. Re3 Nxc5 25. Ne5 Rab8 26. Bc6 a5 27. Bxe8
Rxe8 28. b4 axb4 29. axb4 Na6 30. b5 Nc5 31. Ra3 Rb7 32. Rd1 Kf8 33. Kg2 Rc8
34. g4 Ke7 35. h4 f6 36. Nc6+ Ke8 37. g5 Rd7 38. Rxd7 Kxd7 39. Ra7+ Rc7 40.
gxh6 gxh6 41. Ra8 Rc8 42. Rxc8 Kxc8 43. Kf3 h5 44. e4 e5 45. Ne7+ Kd7 46. Nd5
Ke6 47. Ke3 Nxe4 48. Nf4+ Kf5 49. Nxh5 Nd6 50. Ng3+ Ke6 51. h5 f5 52. f4 Nc4+
53. Ke2 exf4 54. h6 Kf6 55. h7 Ke5 1/2-1/2

[Event "Petrosian Memorial - Tashir 2014"]
[Site "Moscú RUS"]
[Date "2014.11.05"]
[Round "2.4"]
[White "Ding, Liren"]
[Black "Leko, Peter"]
[Result "1/2-1/2"]
[WhiteElo "2730"]
[BlackElo "2731"]
[PlyCount "84"]
[EventDate "2014.11.04"]
[EventType "tourn"]
[EventRounds "7"]
[EventCountry "RUS"]
[EventCategory "20"]
[Source "lmi"]
[SourceDate "2014.11.04"]

1. d4 Nf6 2. c4 e6 3. Nf3 b6 4. g3 Ba6 5. Nbd2 Bb7 6. Bg2 Be7 7. O-O O-O 8. Re1
d5 9. cxd5 exd5 10. Nb1 Nbd7 11. Nc3 c5 12. Bf4 Ne4 13. Rc1 Rc8 14. Bh3 Nxc3
15. bxc3 Ra8 16. Bg2 Re8 17. h4 h6 18. Nd2 Nf6 19. Be5 Ng4 20. Nf3 Bd6 21. Bxd6
Qxd6 22. e3 Re7 23. a4 Rd8 24. a5 Bc8 25. Re2 b5 26. dxc5 Qxc5 27. Rd2 Nf6 28.
Rd4 Rde8 29. Qb3 a6 30. Ne1 Bf5 31. Nc2 Bxc2 32. Rxc2 Qc7 33. Qb4 Rd8 34. Rcd2
Red7 35. Bf3 Qe5 36. Qc5 Qe6 37. Kg2 h5 38. R4d3 g6 39. Rd4 Kg7 40. R2d3 Kg8
41. Rd2 Kg7 42. R2d3 Kg8 1/2-1/2

[Event "Petrosian Memorial - Tashir 2014"]
[Site "Moscú RUS"]
[Date "2014.11.06"]
[Round "3.1"]
[White "Leko, Peter"]
[Black "Kramnik, Vladimir"]
[Result "1/2-1/2"]
[WhiteElo "2731"]
[BlackElo "2760"]
[PlyCount "72"]
[EventDate "2014.11.04"]
[EventType "tourn"]
[EventRounds "7"]
[EventCountry "RUS"]
[EventCategory "20"]
[Source "lmi"]
[SourceDate "2014.11.04"]

1. d4 Nf6 2. c4 e6 3. Nf3 d5 4. Nc3 Be7 5. Bf4 O-O 6. e3 Nbd7 7. c5 Nh5 8. Bd3
Nxf4 9. exf4 b6 10. b4 a5 11. a3 c6 12. O-O Qc7 13. g3 Ba6 14. Bxa6 Rxa6 15.
Qe2 Rfa8 16. b5 cxb5 17. c6 Qxc6 18. Nxb5 Rc8 19. Rac1 Qxc1 20. Rxc1 Rxc1+ 21.
Kg2 Ra8 22. f5 Rc6 23. fxe6 fxe6 24. Ne1 a4 25. Nd3 Ra5 26. Nf4 Nf8 27. h4 Bf6
28. Kh3 g6 29. Kg2 Bg7 30. g4 h6 31. g5 h5 32. f3 Kh7 33. Kg3 Kg8 34. Kg2 Kh7
35. Kg3 Kh8 36. Kh3 Kg8 1/2-1/2

[Event "Petrosian Memorial - Tashir 2014"]
[Site "Moscú RUS"]
[Date "2014.11.06"]
[Round "3.2"]
[White "Aronian, Levon"]
[Black "Ding, Liren"]
[Result "1/2-1/2"]
[WhiteElo "2797"]
[BlackElo "2730"]
[PlyCount "155"]
[EventDate "2014.11.04"]
[EventType "tourn"]
[EventRounds "7"]
[EventCountry "RUS"]
[EventCategory "20"]
[Source "lmi"]
[SourceDate "2014.11.04"]

1. c4 g6 2. d4 Nf6 3. g3 c6 4. Nf3 Bg7 5. Bg2 d5 6. cxd5 cxd5 7. Ne5 Ne4 8. Nd2
Nd7 9. Nxe4 dxe4 10. Bf4 Qa5+ 11. Bd2 Qd5 12. Bc3 f5 13. f3 O-O 14. O-O Nxe5
15. fxe4 fxe4 16. Rxf8+ Kxf8 17. dxe5 Be6 18. Qd4 Qxd4+ 19. Bxd4 Bd5 20. Rc1
Ke8 21. h4 Rd8 22. a3 e6 23. e3 Kd7 24. Rf1 Ke8 25. Rf4 Bh6 26. Rf2 a6 27. Rc2
Kd7 28. g4 Bf8 29. Rf2 Ke8 30. Rf4 Be7 31. g5 Rc8 32. Bxe4 Bxe4 33. Rxe4 Rc2
34. Rf4 b5 35. Kf1 a5 36. Ke1 b4 37. axb4 Bxb4+ 38. Kd1 Rc6 39. b3 Ra6 40. Bb2
Rc6 41. Rf2 Rc5 42. Bd4 Rc7 43. Rh2 Rc6 44. Rh1 Bc3 45. Ke2 Bb4 46. Kd3 Rc7 47.
Ra1 Rc6 48. Bb2 Rc7 49. Ba3 Rc3+ 50. Kd4 Rxb3 51. Bxb4 axb4 52. Ra8+ Kf7 53.
Ra7+ Kf8 54. Rxh7 Rb1 55. Rb7 b3 56. Rb4 Ke7 57. Kc3 Re1 58. Re4 Rb1 59. Kb4
Kd7 60. Rd4+ Ke7 61. Ka3 Re1 62. Re4 Rb1 63. Rb4 Kd7 64. Rxb3 Rh1 65. Kb4 Kc6
66. Rc3+ Kd5 67. Rc5+ Ke4 68. Kb5 Kf5 69. Rc4 Rh3 70. e4+ Kxe5 71. Kc6 Rxh4 72.
Rc5+ Kd4 73. Kd6 Rxe4 74. Ra5 Re1 75. Ra4+ Kd3 76. Ra5 Kd4 77. Ra4+ Kd3 78. Ra5
1/2-1/2

[Event "Petrosian Memorial - Tashir 2014"]
[Site "Moscú RUS"]
[Date "2014.11.06"]
[Round "3.3"]
[White "Grischuk, Alexander"]
[Black "Morozevich, Alexander"]
[Result "1-0"]
[WhiteElo "2795"]
[BlackElo "2724"]
[PlyCount "71"]
[EventDate "2014.11.04"]
[EventType "tourn"]
[EventRounds "7"]
[EventCountry "RUS"]
[EventCategory "20"]
[Source "lmi"]
[SourceDate "2014.11.04"]

1. d4 d5 2. c4 c6 3. Nf3 Nf6 4. Nc3 a6 5. Qc2 g6 6. e4 dxe4 7. Nxe4 Bg7 8. Be2
O-O 9. O-O Bf5 10. Nxf6+ Bxf6 11. Qb3 Qc7 12. h3 c5 13. d5 a5 14. Bh6 Re8 15.
g4 Bc8 16. Rad1 Nd7 17. Rfe1 Ra6 18. Bf1 Rb6 19. Qe3 Bxb2 20. Bf4 Qd8 21. Ng5
Bd4 22. Qg3 e5 23. dxe6 fxe6 24. Bg2 e5 25. Bd2 Rf6 26. Nf3 Nb6 27. Nxd4 exd4
28. Bg5 Ref8 29. Qe5 Nd7 30. Bxf6 Qxf6 31. Qxf6 Nxf6 32. Rb1 Rf7 33. g5 Nd7 34.
Re8+ Rf8 35. Bd5+ Kh8 36. Rbe1 1-0

[Event "Petrosian Memorial - Tashir 2014"]
[Site "Moscú RUS"]
[Date "2014.11.06"]
[Round "3.4"]
[White "Inarkiev, Ernesto"]
[Black "Gelfand, Boris"]
[Result "1/2-1/2"]
[WhiteElo "2688"]
[BlackElo "2759"]
[PlyCount "81"]
[EventDate "2014.11.04"]
[EventType "tourn"]
[EventRounds "7"]
[EventCountry "RUS"]
[EventCategory "20"]
[Source "lmi"]
[SourceDate "2014.11.04"]

1. d4 Nf6 2. c4 g6 3. g3 c6 4. Nf3 Bg7 5. Bg2 d5 6. cxd5 cxd5 7. Nc3 Ne4 8.
Qa4+ Nc6 9. Ne5 Nxc3 10. bxc3 Bxe5 11. dxe5 Be6 12. Rb1 Qa5 13. Qxa5 Nxa5 14.
Rb5 b6 15. Bxd5 Rc8 16. Bh6 Kd7 17. O-O Rhd8 18. e4 Nc4 19. Bf4 Ke8 20. Rd1 Rc7
21. Kg2 Rdc8 22. Rd3 a6 23. Rb3 b5 24. Rd4 Rc5 25. Bxc4 Rxc4 26. Rxc4 Rxc4 27.
Ra3 Rxe4 28. Rxa6 Bd5 29. Kh3 h6 30. Bxh6 Rxe5 31. g4 Re2 32. Be3 Rxa2 33. Rxa2
Bxa2 34. Kg3 f6 35. h4 Kf7 36. f4 Bb1 37. Bd4 Bc2 38. g5 Ke6 39. Bc5 Bd1 40.
Kf2 fxg5 41. hxg5 1/2-1/2

[Event "Petrosian Memorial - Tashir 2014"]
[Site "Moscú RUS"]
[Date "2014.11.08"]
[Round "4.1"]
[White "Kramnik, Vladimir"]
[Black "Gelfand, Boris"]
[Result "1/2-1/2"]
[WhiteElo "2760"]
[BlackElo "2759"]
[PlyCount "71"]
[EventDate "2014.11.04"]
[EventType "tourn"]
[EventRounds "7"]
[EventCountry "RUS"]
[EventCategory "20"]
[Source "lmi"]
[SourceDate "2014.11.04"]

1. d4 Nf6 2. c4 g6 3. Nc3 d5 4. Nf3 Bg7 5. Bg5 Ne4 6. Bf4 Nxc3 7. bxc3 c5 8.
cxd5 cxd4 9. cxd4 Qxd5 10. e3 O-O 11. Be2 Nc6 12. O-O Bf5 13. Qa4 Qa5 14. Qxa5
Nxa5 15. Rfc1 Rac8 16. Ne1 Nc6 17. g4 Be4 18. Bf3 f5 19. Bxe4 fxe4 20. Rab1 b6
21. Rc2 e5 22. dxe5 Nxe5 23. Bxe5 Bxe5 24. Kg2 Kf7 25. Rd1 Rxc2 26. Nxc2 Rc8
27. Nd4 a6 28. f4 exf3+ 29. Kxf3 b5 30. h4 Bxd4 31. Rxd4 Ke6 32. Re4+ Kd6 33.
Rd4+ Ke6 34. Re4+ Kd6 35. Rd4+ Ke6 36. Ke4 1/2-1/2

[Event "Petrosian Memorial - Tashir 2014"]
[Site "Moscú RUS"]
[Date "2014.11.08"]
[Round "4.2"]
[White "Morozevich, Alexander"]
[Black "Inarkiev, Ernesto"]
[Result "1/2-1/2"]
[WhiteElo "2724"]
[BlackElo "2688"]
[PlyCount "92"]
[EventDate "2014.11.04"]
[EventType "tourn"]
[EventRounds "7"]
[EventCountry "RUS"]
[EventCategory "20"]
[Source "lmi"]
[SourceDate "2014.11.04"]

1. d4 Nf6 2. c4 e6 3. Nc3 d5 4. cxd5 exd5 5. Bg5 c6 6. Qc2 Be7 7. e3 Nbd7 8.
Bd3 Nh5 9. Bxe7 Qxe7 10. Nge2 g6 11. O-O-O Nb6 12. Rde1 Be6 13. f3 O-O-O 14. g4
Ng7 15. Nf4 h5 16. h3 Kb8 17. Rhg1 Qd6 18. Bf1 hxg4 19. hxg4 Rh7 20. a4 a5 21.
Qb3 Nd7 22. Kb1 Rh2 23. Na2 g5 24. Nd3 f6 25. Qc3 b6 26. b4 axb4 27. Naxb4 Rc8
28. Rc1 Kb7 29. e4 dxe4 30. fxe4 c5 31. e5 fxe5 32. Nxe5 Ka7 33. Qd3 Nxe5 34.
Qa6+ Kb8 35. dxe5 Qd8 36. Nc2 Bd5 37. Rd1 Ne6 38. Bc4 Bxc4 39. Qxc4 Nd4 40.
Nxd4 cxd4 41. Qxd4 Qc7 42. Qd6 Ka7 43. Qxc7+ Rxc7 44. Rc1 Rxc1+ 45. Kxc1 Re2
46. Rf1 Rxe5 1/2-1/2

[Event "Petrosian Memorial - Tashir 2014"]
[Site "Moscú RUS"]
[Date "2014.11.08"]
[Round "4.3"]
[White "Ding, Liren"]
[Black "Grischuk, Alexander"]
[Result "1/2-1/2"]
[WhiteElo "2730"]
[BlackElo "2795"]
[PlyCount "69"]
[EventDate "2014.11.04"]
[EventType "tourn"]
[EventRounds "7"]
[EventCountry "RUS"]
[EventCategory "20"]
[Source "lmi"]
[SourceDate "2014.11.04"]

1. d4 Nf6 2. c4 g6 3. g3 c5 4. Nf3 cxd4 5. Nxd4 Bg7 6. Bg2 O-O 7. Nc3 Qc7 8.
Qd3 Nc6 9. O-O d6 10. b3 Nxd4 11. Qxd4 Ne4 12. Nd5 Bxd4 13. Nxc7 Rb8 14. Bxe4
Bxa1 15. Be3 Be5 16. f4 Bf6 17. Bxa7 Bh3 18. Rd1 Ra8 19. Nxa8 Rxa8 20. Be3 Rxa2
21. Kf2 Rb2 22. Rb1 Ra2 23. Bxb7 Bf5 24. Rc1 Rb2 25. c5 dxc5 26. Rxc5 Rxb3 27.
Bf3 Rc3 28. Rxc3 Bxc3 29. Bc5 e5 30. e3 exf4 31. exf4 h5 32. Ke3 Bb2 33. Kf2
Bc3 34. Ke3 Bb2 35. Kf2 1/2-1/2

[Event "Petrosian Memorial - Tashir 2014"]
[Site "Moscú RUS"]
[Date "2014.11.08"]
[Round "4.4"]
[White "Leko, Peter"]
[Black "Aronian, Levon"]
[Result "1/2-1/2"]
[WhiteElo "2731"]
[BlackElo "2797"]
[PlyCount "84"]
[EventDate "2014.11.04"]
[EventType "tourn"]
[EventRounds "7"]
[EventCountry "RUS"]
[EventCategory "20"]
[Source "lmi"]
[SourceDate "2014.11.04"]

1. d4 Nf6 2. c4 e6 3. Nf3 d5 4. Nc3 Bb4 5. cxd5 exd5 6. Bg5 Nbd7 7. Qc2 h6 8.
Bh4 c5 9. e3 Qa5 10. Bd3 c4 11. Bf5 g6 12. Bxd7+ Nxd7 13. O-O O-O 14. Rae1 Nb6
15. Ne5 Bxc3 16. bxc3 Qa4 17. Qb1 Qe8 18. f3 Kg7 19. h3 h5 20. e4 f6 21. exd5
fxe5 22. Rxe5 Qa4 23. Rfe1 Bf5 24. Qc1 Rf7 25. g4 hxg4 26. hxg4 Bd3 27. Re7
Nxd5 28. Rxf7+ Kxf7 29. Qg5 Qc6 30. Re5 Rf8 31. Rxd5 Kg8 32. f4 Qa4 33. Re5 Re8
34. Rxe8+ Qxe8 35. f5 Kh7 36. Bg3 gxf5 37. gxf5 Qf7 38. Qh4+ Kg8 39. f6 Qg6 40.
Kf2 Kf7 41. Be5 Bb1 42. Qg3 Qc2+ 1/2-1/2

[Event "Petrosian Memorial - Tashir 2014"]
[Site "Moscú RUS"]
[Date "2014.11.09"]
[Round "5.1"]
[White "Aronian, Levon"]
[Black "Kramnik, Vladimir"]
[Result "1/2-1/2"]
[WhiteElo "2797"]
[BlackElo "2760"]
[PlyCount "81"]
[EventDate "2014.11.04"]
[EventType "tourn"]
[EventRounds "7"]
[EventCountry "RUS"]
[EventCategory "20"]
[Source "lmi"]
[SourceDate "2014.11.04"]

1. d4 Nf6 2. c4 e6 3. Nf3 d5 4. Nc3 Be7 5. Bf4 O-O 6. e3 Nbd7 7. c5 Nh5 8. Bd3
Nxf4 9. exf4 b6 10. b4 a5 11. a3 c6 12. O-O Ba6 13. Na4 Bf6 14. Ne5 Bxe5 15.
fxe5 Bxd3 16. Qxd3 axb4 17. axb4 bxc5 18. Nxc5 Nxc5 19. bxc5 Rxa1 20. Rxa1 f6
21. Qe3 fxe5 22. Qxe5 Qf6 23. Qe3 Re8 24. Re1 Rb8 25. g3 Kf7 26. Qa3 Kg8 27.
Re5 h6 28. Qe3 Rb1+ 29. Kg2 Rb2 30. h4 Kf7 31. h5 Kg8 32. Kg1 Rb1+ 33. Kh2 Rb2
34. Kg2 Ra2 35. Qe1 Rb2 36. Kg1 Kh7 37. Rxe6 Qf5 38. Qe3 Rxf2 39. Rxh6+ gxh6
40. Qxf2 Qxh5 41. Qe1 1/2-1/2

[Event "Petrosian Memorial - Tashir 2014"]
[Site "Moscú RUS"]
[Date "2014.11.09"]
[Round "5.3"]
[White "Inarkiev, Ernesto"]
[Black "Ding, Liren"]
[Result "1/2-1/2"]
[WhiteElo "2688"]
[BlackElo "2730"]
[PlyCount "61"]
[EventDate "2014.11.04"]
[EventType "tourn"]
[EventRounds "7"]
[EventCountry "RUS"]
[EventCategory "20"]
[Source "lmi"]
[SourceDate "2014.11.04"]

1. e4 c6 2. d4 d5 3. Nc3 dxe4 4. Nxe4 Nd7 5. Nf3 Ngf6 6. Nc3 Nb6 7. h3 Bf5 8.
Bd3 Bxd3 9. Qxd3 e6 10. O-O Be7 11. Ne2 O-O 12. c4 Nbd7 13. Bf4 a5 14. a4 Nc5
15. Qe3 Na6 16. Rfd1 Nb4 17. Rd2 b5 18. b3 bxc4 19. bxc4 Qb6 20. Nc3 Rad8 21.
Rad1 Nd7 22. Qe2 Rfe8 23. Bg5 Bxg5 24. Nxg5 h6 25. Nf3 Qc7 26. Ne4 Rb8 27. Qe3
Nb6 28. Rc1 Nd7 29. Rcd1 Nb6 30. Qb3 Nd7 31. Qe3 1/2-1/2

[Event "Petrosian Memorial - Tashir 2014"]
[Site "Moscú RUS"]
[Date "2014.11.10"]
[Round "6.1"]
[White "Kramnik, Vladimir"]
[Black "Morozevich, Alexander"]
[Result "1-0"]
[WhiteElo "2760"]
[BlackElo "2724"]
[PlyCount "67"]
[EventDate "2014.11.04"]
[EventType "tourn"]
[EventRounds "7"]
[EventCountry "RUS"]
[EventCategory "20"]
[Source "lmi"]
[SourceDate "2014.11.04"]

1. d4 Nf6 2. c4 e6 3. Nf3 Bb4+ 4. Nbd2 O-O 5. e3 b6 6. Bd3 c5 7. a3 Bxd2+ 8.
Bxd2 Bb7 9. dxc5 bxc5 10. Bc3 d6 11. Qc2 Nbd7 12. O-O-O Qe7 13. Ng5 h6 14. h4
Ne5 15. Bh7+ Kh8 16. f4 Neg4 17. Rh3 h5 18. Rg3 Rae8 19. Bd3 e5 20. Be2 Nf2 21.
Rf1 N2e4 22. fxe5 dxe5 23. Rxf6 Nxf6 24. Bxh5 Kg8 25. Be2 Qd6 26. Rh3 Bxg2 27.
Rg3 Bb7 28. h5 Re7 29. Rg1 e4 30. h6 Qh2 31. Nh3 Qxh3 32. Rxg7+ Kh8 33. Bxf6
Qxh6 34. Rg6+ 1-0

[Event "Petrosian Memorial - Tashir 2014"]
[Site "Moscú RUS"]
[Date "2014.11.10"]
[Round "6.2"]
[White "Ding, Liren"]
[Black "Gelfand, Boris"]
[Result "1/2-1/2"]
[WhiteElo "2730"]
[BlackElo "2759"]
[PlyCount "95"]
[EventDate "2014.11.04"]
[EventType "tourn"]
[EventRounds "7"]
[EventCountry "RUS"]
[EventCategory "20"]
[Source "lmi"]
[SourceDate "2014.11.04"]

1. d4 Nf6 2. c4 g6 3. g3 c6 4. Bg2 d5 5. Nf3 Bg7 6. O-O O-O 7. b3 dxc4 8. bxc4
c5 9. Bb2 Qb6 10. Qc1 cxd4 11. Nxd4 Nc6 12. Nxc6 bxc6 13. Nd2 Bg4 14. Nb3 Bxe2
15. Re1 Bd3 16. c5 Qa6 17. Rxe7 Rae8 18. Re1 Bc4 19. Rxe8 Rxe8 20. Bxc6 Qxc6
21. Qxc4 Ne4 22. Na5 Qxc5 23. Qxc5 Nxc5 24. Bxg7 Kxg7 25. Rc1 Ne6 26. Nb3 Kf6
27. Kf1 Ke5 28. Nc5 Nxc5 29. Rxc5+ Kf6 30. Ra5 Re7 31. g4 g5 32. Ra6+ Kg7 33.
Kg2 f6 34. Kg3 Rc7 35. a4 Kg6 36. a5 Rb7 37. f3 Rb3 38. h3 Ra3 39. Rxa7 h5 40.
Kf2 Ra2+ 41. Ke3 Ra3+ 42. Ke4 Ra4+ 43. Kd5 Ra3 44. a6 hxg4 45. fxg4 Rxh3 46.
Rc7 Ra3 47. a7 f5 48. Rc6+ 1/2-1/2

[Event "Petrosian Memorial - Tashir 2014"]
[Site "Moscú RUS"]
[Date "2014.11.10"]
[Round "6.3"]
[White "Leko, Peter"]
[Black "Inarkiev, Ernesto"]
[Result "1/2-1/2"]
[WhiteElo "2731"]
[BlackElo "2688"]
[PlyCount "124"]
[EventDate "2014.11.04"]
[EventType "tourn"]
[EventRounds "7"]
[EventCountry "RUS"]
[EventCategory "20"]
[Source "lmi"]
[SourceDate "2014.11.04"]

1. d4 Nf6 2. c4 e6 3. Nf3 d5 4. Nc3 Be7 5. Bf4 O-O 6. e3 Nbd7 7. c5 Nh5 8. Be2
Nxf4 9. exf4 b6 10. b4 a5 11. a3 c6 12. O-O Qc7 13. g3 axb4 14. axb4 Rxa1 15.
Qxa1 bxc5 16. bxc5 f6 17. Re1 e5 18. Ba6 Rf7 19. Ne2 exd4 20. Nexd4 Nxc5 21.
Bxc8 Qxc8 22. Rc1 Bd6 23. Qa5 Nb7 24. Qxd5 cxd5 25. Rxc8+ Rf8 26. Rc6 Rd8 27.
Ne6 Rd7 28. Nfd4 Kf7 29. Rb6 Be7 30. f5 g6 31. g4 Nd6 32. Kg2 gxf5 33. gxf5 Ra7
34. Nd8+ Ke8 35. N8c6 Rb7 36. Ra6 Kd7 37. Ra8 Nb5 38. Rh8 Nxd4 39. Nxd4 Rb4 40.
Ne6 Rh4 41. Kg3 Rh5 42. f4 Bd6 43. Rd8+ Ke7 44. h4 Rxf5 45. Rxd6 Kxd6 46. Ng7
Re5 47. fxe5+ Kxe5 48. Kf3 d4 49. Nh5 d3 50. Nf4 d2 51. Nd3+ Kf5 52. Nf2 Kg6
53. Kg4 f5+ 54. Kf4 Kh5 55. Kg3 Kh6 56. Nd1 Kh5 57. Kh3 Kh6 58. Kg2 Kh5 59. Kg3
Kh6 60. Ne3 Kg6 61. Kh3 Kh5 62. Nd1 Kg6 1/2-1/2